Lohnzurückhaltung und Aufwertung
Na minha lista:
| Autor principal: | |
|---|---|
| Formato: | Livro |
| Idioma: | alemão |
| Publicado em: |
Kiel
Institut für Weltwirtschaft
1996
|
| Edição: | 1. Aufl. |
| Colecção: | Kieler Diskussionsbeiträge
266 |
| Assuntos: | |
| Tags: |
Sem tags, seja o primeiro a adicionar uma tag!
|
MARC
| LEADER | 00000nam a2200000 4500 | ||
|---|---|---|---|
| 001 | c014226 | ||
| 005 | 20240417125533.0 | ||
| 020 | |a 3-89456-113-0 | ||
| 041 | 0 | |a ger | |
| 044 | |a DE | ||
| 245 | 1 | 0 | |a Lohnzurückhaltung und Aufwertung |c Horst Siebert |
| 250 | |a 1. Aufl. | ||
| 264 | 1 | |a Kiel |b Institut für Weltwirtschaft |c 1996 | |
| 300 | |a 17 s. | ||
| 490 | 1 | |a Kieler Diskussionsbeiträge |v 266 | |
| 830 | 0 | |a Kieler Diskussionsbeiträge |v 266 | |
| 610 | 2 | 0 | |a hospodárstvo otvorené |
| 610 | 2 | 0 | |a politika mzdová |
| 610 | 2 | 0 | |a mzdy |
| 610 | 2 | 0 | |a kurz výmenný |
| 610 | 2 | 0 | |a mena |
| 610 | 2 | 0 | |a stabilita meny |
| 610 | 2 | 0 | |a miesta pracovné |
| 100 | 1 | |a Siebert, Horst | |